000 00634nam a2200205Ia 4500
005 20250508153734.0
008 008 250505s9999 xx 000 0 eng d
037 _aTextual
040 _aFEDL
_beng
_cFEDL
041 _aeng
_2eng
084 _a370.1, CON
_qFEDL
100 _aConnell W. F.
245 0 _aEducational thought and influence of : Matthew Arnold
260 _aLondon, UK
_bRoutledge and Kegan Paul
_c1950
300 _axvi,304p.
490 _aInternational library of sociology and social reconstruction
650 _aEducation-Philosophy
942 _cTEXL
_h370.1, CON
999 _c1345120
_d1345120